<?xml version="1.0" encoding="UTF-8"?>
<collection xmlns="http://www.loc.gov/MARC21/slim">
<record>
  <controlfield tag="001">146786</controlfield>
  <controlfield tag="005">20241126113443.0</controlfield>
  <datafield tag="037" ind1=" " ind2=" ">
    <subfield code="a">TAZ-TFG-2023-1797</subfield>
  </datafield>
  <datafield tag="041" ind1=" " ind2=" ">
    <subfield code="a">spa</subfield>
  </datafield>
  <datafield tag="100" ind1="1" ind2=" ">
    <subfield code="a">Garralaga Blasco, Marcos</subfield>
  </datafield>
  <datafield tag="242" ind1="0" ind2="0">
    <subfield code="a">Automatic transcription and evaluation of freestyle.</subfield>
  </datafield>
  <datafield tag="245" ind1="0" ind2="0">
    <subfield code="a">Transcripción y evaluación automática del freestyle.</subfield>
  </datafield>
  <datafield tag="260" ind1=" " ind2=" ">
    <subfield code="a">Zaragoza</subfield>
    <subfield code="b">Universidad de Zaragoza</subfield>
    <subfield code="c">2023</subfield>
  </datafield>
  <datafield tag="506" ind1=" " ind2=" ">
    <subfield code="a">by-nc-sa</subfield>
    <subfield code="b">Creative Commons</subfield>
    <subfield code="c">3.0</subfield>
    <subfield code="u">http://creativecommons.org/licenses/by-nc-sa/3.0/</subfield>
  </datafield>
  <datafield tag="520" ind1=" " ind2=" ">
    <subfield code="a">Las batallas de gallos son una disciplina en la que dos raperos improvisan para comprobar quien es mejor. Si echamos la vista atrás, podríamos asemejar este comportamiento a las disputas entre Góngora y Quevedo, donde resolvían sus diferencias con poesía. En una batalla de gallos hay jueces, los responsables de dictaminar el resultado del encuentro. Este rol puede ser muy complicado, y estar influenciado por las vivencias u opiniones de estos, arrojando en ocasiones juicios subjetivos. Este trabajo tiene como meta desarrollar una herramienta de evaluación objetiva para la ayuda a estos jueces, aplicando técnicas de transcripción automática de audio a texto, segmentación de este texto obtenido y uso de diferentes conceptos relacionados con el Procesamiento del Lenguaje Natural (PLN) para el análisis de este. El prototipo desarrollado, compuesto por una API REST y una interfaz web, permite subir un audio y analizar su rima, así como la relación de la letra con conceptos o palabras especificadas por el usuario. Este trabajo me ha permitido experimentar la realización de un proyecto personal de escala media, con especial énfasis en la organización del tiempo y los esfuerzos, así como la obtención de valiosos conocimientos en el campo de Procesamiento de Lenguaje Natural y procesamiento de audio.&lt;br />&lt;br /></subfield>
  </datafield>
  <datafield tag="521" ind1=" " ind2=" ">
    <subfield code="a">Graduado en Ingeniería Informática</subfield>
  </datafield>
  <datafield tag="540" ind1=" " ind2=" ">
    <subfield code="a">Derechos regulados por licencia Creative Commons</subfield>
  </datafield>
  <datafield tag="700" ind1=" " ind2=" ">
    <subfield code="a">Bobed Lisbona, Carlos</subfield>
    <subfield code="e">dir.</subfield>
  </datafield>
  <datafield tag="710" ind1="2" ind2=" ">
    <subfield code="a">Universidad de Zaragoza</subfield>
    <subfield code="b">Informática e Ingeniería de Sistemas</subfield>
    <subfield code="c">Lenguajes y Sistemas Informáticos</subfield>
  </datafield>
  <datafield tag="856" ind1="0" ind2=" ">
    <subfield code="f">795936@unizar.es</subfield>
  </datafield>
  <datafield tag="856" ind1="4" ind2=" ">
    <subfield code="s">3635447</subfield>
    <subfield code="u">http://zaguan.unizar.es/record/146786/files/TAZ-TFG-2023-1797.pdf</subfield>
    <subfield code="y">Memoria (spa)</subfield>
  </datafield>
  <datafield tag="909" ind1="C" ind2="O">
    <subfield code="o">oai:zaguan.unizar.es:146786</subfield>
    <subfield code="p">driver</subfield>
    <subfield code="p">trabajos-fin-grado</subfield>
  </datafield>
  <datafield tag="950" ind1=" " ind2=" ">
    <subfield code="a"></subfield>
  </datafield>
  <datafield tag="980" ind1=" " ind2=" ">
    <subfield code="a">TAZ</subfield>
    <subfield code="b">TFG</subfield>
    <subfield code="c">EINA</subfield>
  </datafield>
  <datafield tag="999" ind1=" " ind2=" ">
    <subfield code="a">20230605213330.CREATION_DATE</subfield>
  </datafield>
  <datafield tag="951" ind1=" " ind2=" ">
    <subfield code="a">deposita:2024-11-26</subfield>
  </datafield>
</record>
</collection>